Food and Beverage Production 4th SEM BHM [electronic resource : Course Information] (Record no. 204682)

MARC details
000 -LEADER
fixed length control field 00429nam a2200133Ia 4500
008 - FIXED-LENGTH DATA ELEMENTS--GENERAL INFORMATION
fixed length control field 231221s9999 xx 000 0 und d
041 ## - LANGUAGE CODE
Language code of text/sound track or separate title English
100 ## - MAIN ENTRY--PERSONAL NAME
Personal name Reshi, Mohd. Yaseen, Comp.
245 #0 - TITLE STATEMENT
Title Food and Beverage Production 4th SEM BHM [electronic resource : Course Information]
260 ## - PUBLICATION, DISTRIBUTION, ETC.
Date of publication, distribution, etc. 2-10-07
Name of publisher, distributor, etc. Hotel Management, PES
Place of publication, distribution, etc. Bangalore
650 ## - SUBJECT ADDED ENTRY--TOPICAL TERM
Topical term or geographic name entry element Food,Beverage,Production,
650 ## - SUBJECT ADDED ENTRY--TOPICAL TERM
Topical term or geographic name entry element Hotel Management
942 ## - ADDED ENTRY ELEMENTS (KOHA)
Koha item type Digital Library
Holdings
Date last seen Total checkouts Accession number Uniform resource identifier Price effective from Category Lost status Damaged status Department Withdrawn status Home library Current library Shelving location Entry date Grants Billdate Currency symbol Conversion rate Discount Old discount
26/01/2024   DL808 digital/Courseinfo/dl808.pdf 26/01/2024 Digital Library     Central Library   Central Library Central Library Central Library   HM 08/01/2010 RS 1    

© For any Suggestions or Query, please contact the library staff @ librarian@pes.edu or Phone: +9180 2672 1983/ 2108.